000 00864nam a2200253Ia 4500
003 OSt
005 20220918171241.0
006 a|||||r|||| 00| 0
007 ta
008 220917b |||||||| |||| 00| 0 eng d
020 _a9781442271258 (pbk)
_cUKP 24.95
024 _a348,141
037 _b13733, 15/01/2019, Elite Publishers Distributors
_cTextual
040 _aARTS
_cARTS
_beng
041 _2eng
_aeng
082 _aY:45(Q7), Q7
100 _aSheppard James A. Au.
_935094
245 0 _aCountering heedless jihad
_b toward a field manual for intellectual sabotage
260 _aLanham
_bRowman and Littlefield Maryland
_c2017
300 _axxx,164p.
_ccm.
650 _aMUSLIMS; TERRORISM
_935095
942 _hY:45(Q7), Q7
_cTEXL
_2CC
999 _c138581
_d138581